| 000 -LEADER | |
|---|---|
| fixed length control field | 00366nam a22001697a 4500 |
| 005 - DATE AND TIME OF LATEST TRANSACTION | |
| control field | 20260512121057.0 |
| 008 - FIXED-LENGTH DATA ELEMENTS--GENERAL INFORMATION | |
| fixed length control field | 160629b xxu||||| |||| 00| 0 eng d |
| 020 ## - INTERNATIONAL STANDARD BOOK NUMBER | |
| ISBN | 81-85749-56-6 |
| 041 ## - LANGUAGE CODE | |
| Language code of text/sound track or separate title | eng |
| 082 ## - DEWEY DECIMAL CLASSIFICATION NUMBER | |
| Classification number | 658.8 |
| 100 ## - MAIN ENTRY--AUTHOR NAME | |
| Personal name | Verma A.P |
| 245 ## - TITLE STATEMENT | |
| Title | Production Management |
| 260 ## - PUBLICATION, DISTRIBUTION, ETC. (IMPRINT) | |
| Name of publisher | Katson |
| Year of publication | 2011 |
| 300 ## - PHYSICAL DESCRIPTION | |
| Number of Pages | 335 |
| 650 ## - SUBJECT ADDED ENTRY--TOPICAL TERM | |
| Topical Term | Management |
| 942 ## - ADDED ENTRY ELEMENTS (KOHA) | |
| Koha item type | Books |
| Lost status | Damaged status | Collection code | Home library | Current library | Shelving location | Date acquired | Cost, normal purchase price | Full call number | Accession Number | Koha item type |
|---|---|---|---|---|---|---|---|---|---|---|
| MANAGEMENT | JRU Library | JRU Library | SHELF- 67 A | 29/06/2016 | 160.00 | 12858 | 12858 | Books | ||
| MANAGEMENT | JRU Library | JRU Library | SHELF- 67 A | 29/06/2016 | 160.00 | 12858 | 12859 | Books | ||
| MANAGEMENT | JRU Library | JRU Library | SHELF-76-K | 29/06/2016 | 160.00 | 658.5 | 12860 | Books | ||
| MANAGEMENT | JRU Library | JRU Library | SHELF-76-L | 29/06/2016 | 160.00 | 658.5 | 12861 | Books | ||
| MANAGEMENT | JRU Library | JRU Library | SHELF- 67 A | 29/06/2016 | 160.00 | 12858 | 12862 | Books | ||
| MANAGEMENT | JRU Library | JRU Library | SHELF- 67 A | 29/06/2016 | 160.00 | 12858 | 12863 | Books |